[Event "Cordoba Villa Giardino op 15th"]
[Site "Cordoba"]
[Date "2016.05.26"]
[Round "4"]
[White "Vergez, Cesar Guy"]
[Black "Santucho, Jorge Mario"]
[Result "0-1"]
[WhiteElo "1581"]
[BlackElo "2021"]
[PlyCount "72"]
[EventDate "2016.05.25"]
[EventType "swiss"]
[EventRounds "7"]
[EventCountry "ARG"]
[SourceTitle "EXT 2024"]
[Source "ChessBase"]
[SourceDate "2023.10.10"]
[SourceVersion "1"]
[SourceVersionDate "2023.10.10"]
[SourceQuality "1"]

1. e4 c5 2. Nf3 d6 3. d3 Nc6 4. g3 g6 5. Bg2 Bg7 6. 0-0 e6 7. Re1 Nge7 8. c3 0-0 9. Bf4 Qc7 10. Qd2 Rb8 11. d4 f5 12. e5 dxe5 13. dxe5 Rd8 14. Qe3 b6 15. Nbd2 Ba6 16. c4 Nd4 17. Rac1 Bb7 18. h4 Kf7 19. Bh3 Ba8 20. Bg5 Rd7 21. Bf4 Nec6 22. Ng5+ Kg8 23. a3 Bh8 24. Bg2 Bg7 25. Bf1 h6 26. Ngf3 Kh7 27. Bh3 Rbd8 28. Kh2 Bb7 29. g4 Nxf3+ 30. Nxf3 Rd3 31. Qe2 Nd4 32. Nxd4 R3xd4 33. Be3 Bxe5+ 34. Kg1 Qc6 35. f3 Rd3 36. Bg2 Rxe3 0-1